000 00894nam a2200265Ia 4500
001 21841
005 20260320113317.0
008 260320s9999||||xx |||||||||||||| ||und||
020 _a9786123226367
041 _aESP
082 _a343.6
_bR68
100 _aRivera Ferreyros, Gustavo Nilo,
_eAUT
245 0 _aNueva ley general de contrataciones públicas N° 32069 y su reglamento :
_banálisis de las modalidades y técnicas contractuales
246 _a
_5
_b
250 _aPrimera edición
260 _aLima :
_bInstituto Pacífico,
_c2025
300 _a830 páginas :
_bcuadros :
_c25 cm.
_e
440 _a
_n
_v
650 _aCIS
653 _aDerecho; Derecho constitucional; Ley general de contrataciones y su reglamento
654 _aDER
700 _a
_c
856 _uhttps://app-vlex-com.ucsp.lookproxy.com/
_zVéase además: Base de datos Vlex
942 _cLIB
_dJUS
_fMIP
_2ddc
_n
999 _c21841
_d21841